000 00472nam a2200205Ia 4500
005 20240823051830.0
008 240823s9999||||xx |||||||||||||| ||und||
020 _a978-93-5107-188-4
041 _aENGLISH
082 _A621.381044 Q4
100 _aVarmah K R
245 0 _aPower Electronics
250 _a1st
260 _c2014
_bEles
500 _aYES
650 _aPower Electronics
_bElectrical
700 _a Chikku Abraham
942 _cBK
999 _c220474
_d220474